|
|
|
|
| LEADER |
00000nab a2200000 a 4500 |
| 001 |
vtls000051476 |
| 003 |
SK-MaSNL |
| 005 |
20260303223317.0 |
| 008 |
111103c1980 xo 0 slo |
| 015 |
|
|
|a SNBRB19rr/mm-uuuuu
|
| 035 |
|
|
|a CL0061573
|
| 040 |
|
|
|a SNKBUCL
|b slo
|c SNKBUCL
|e AACR2
|
| 041 |
0 |
|
|a slo
|
| 044 |
|
|
|a xo
|c SK
|
| 080 |
|
|
|a 631.4
|2 1981
|
| 100 |
1 |
|
|a Guspan, Ján
|4 aut
|9 590128
|
| 245 |
1 |
0 |
|a Nie cieľ, ale prostriedok
|b Osevné postupy v kompexe zúrodňovania ťažkých pôd
|c Ján Guspan
|
| 650 |
0 |
7 |
|a zúrodňovanie pôdy
|2 snkbucl
|9 66511
|
| 650 |
0 |
7 |
|a sejba
|2 snkbucl
|9 18773
|
| 655 |
|
7 |
|a články z novín a časopisov
|2 snkbucl
|9 267496
|
| 773 |
0 |
|
|t Roľnícke noviny
|g Roč. 35, č. 49 (27. 2. 1980), s. 4
|
| 850 |
|
|
|a Slovenská národná knižnica v Martine
|a MTA001
|
| 852 |
|
|
|a SNK
|b KIS3GCP
|
| 958 |
|
|
|a RK
|
| 992 |
|
|
|a RBX
|
| 999 |
|
|
|c 2247178
|d 2249108
|